Некоммутативные кольца: пер. с англ.

Chi tiết về thư mục
Tác giả chính: Херстейн И.
Tác giả khác: Кузьмин Е. Н. (переводчик), Ширшов А. И. (редактор)
Ngôn ngữ:Tiếng Nga
Được phát hành: Москва, Мир, 1972
Những chủ đề:
Định dạng: Sách
KOHA link:https://koha.lib.tpu.ru/cgi-bin/koha/opac-detail.pl?biblionumber=354068

MARC

LEADER 00000nam0a2200000 4500
001 354068
005 20231102010644.0
035 |a (RuTPU)RU\TPU\retro\11326 
090 |a 354068 
100 |a 20200616d1972 km y0rusy50 ca 
101 1 |a rus  |c eng 
102 |a RU 
105 |a a z 001zy 
200 1 |a Некоммутативные кольца  |e пер. с англ.  |f И. Херстейн  |g пер. Е. Н. Кузьмина ; под ред. А. И. Ширшова 
210 |a Москва  |c Мир  |d 1972 
215 |a 192 с.  |c ил. 
320 |a Библиогр. в конце гл. 
320 |a Указ. имен: с. 186-187 
320 |a Предм. указ.: с. 188-190 
606 1 |a Кольца коммутативные  |2 stltpush  |3 (RuTPU)RU\TPU\subj\14945  |9 41265 
610 1 |a радикал Джекобсона 
610 1 |a полупростые кольца 
610 1 |a коммутативность 
610 1 |a теория 
610 1 |a конечные группы 
610 1 |a представления 
610 1 |a теорема Голди 
675 |a 512.7  |v 4 
700 1 |a Херстейн  |b И. 
702 1 |a Кузьмин  |b Е. Н.  |4 730 
702 1 |a Ширшов  |b А. И.  |4 340 
801 1 |a RU  |b 63413507  |c 20200616 
801 2 |a RU  |b 63413507  |c 20210119  |g RCR 
942 |c BK